000 00891cam a2200253 a 4500
005 20250825191315.0
008 120614s2013 nju b 001 0 eng
020 _a027376859X
020 _a9780273768593
040 _aKABLIB
_cKABLIB
_erda
082 0 0 _a303.4834
_223
_bBAA
100 1 _aBaase, Sara.
_914651
245 1 2 _aA gift of fire :
_bsocial, legal, and ethical issues for computing technology /
_cSara Baase; Atriya Sen (contributor).
250 _a4th ed.
260 _aBoston :
_bPearson,
_cc2013.
300 _a494 p. :
_bill. ;
_c24 cm.
504 _aIncludes bibliographical references, appendix, index.
650 0 _aComputers
_xSocial aspects.
_914652
650 0 _aComputers
_xMoral and ethical aspects.
_914653
650 0 _aInternet
_xSocial aspects.
_913398
650 0 _aInternet
_xMoral and ethical aspects.
_914425
700 _aSen, Atriya
_914654
942 _2ddc
_cBOOK
999 _c5798
_d5798